<?xml version="1.0" encoding="UTF-8"?>
<record
    xmlns:xsi="http://www.w3.org/2001/XMLSchema-instance"
    xsi:schemaLocation="http://www.loc.gov/MARC21/slim http://www.loc.gov/standards/marcxml/schema/MARC21slim.xsd"
    xmlns="http://www.loc.gov/MARC21/slim">

  <leader>01119nam a22002297a 4500</leader>
  <datafield tag="999" ind1=" " ind2=" ">
    <subfield code="c">3285</subfield>
    <subfield code="d">3285</subfield>
  </datafield>
  <controlfield tag="003">AR-CdUCM</controlfield>
  <controlfield tag="008">190306b           ||||| |||| 00| 0 spa d</controlfield>
  <datafield tag="040" ind1=" " ind2=" ">
    <subfield code="a">MUNICIPALIDAD PROVINCIAL DEL CUSCO</subfield>
    <subfield code="c">BIBLIOTECA MUNICIPAL DEL CUSCO</subfield>
  </datafield>
  <datafield tag="082" ind1=" " ind2=" ">
    <subfield code="a">985.41 /</subfield>
    <subfield code="b">C318</subfield>
  </datafield>
  <datafield tag="100" ind1=" " ind2=" ">
    <subfield code="a">Carri&#xF3;n Ordo&#xF1;ez, Enrique</subfield>
  </datafield>
  <datafield tag="245" ind1=" " ind2=" ">
    <subfield code="a">La lengua en un texto de la ilustraci&#xF3;n :</subfield>
    <subfield code="b">edici&#xF3;n y estudio filol&#xF3;gico de la Noticia de Arequipa de Antonio Pereira y Ruiz /</subfield>
  </datafield>
  <datafield tag="260" ind1=" " ind2=" ">
    <subfield code="a">Lima : </subfield>
    <subfield code="b">PUCP, Fondo Editorial,</subfield>
    <subfield code="c">1983.</subfield>
  </datafield>
  <datafield tag="300" ind1=" " ind2=" ">
    <subfield code="a">554 paginas ;</subfield>
    <subfield code="c"> 21 cm.</subfield>
  </datafield>
  <datafield tag="505" ind1=" " ind2=" ">
    <subfield code="a">Edici&#xF3;n del texto de la noticia, estudio ling&#xFC;&#xED;stico -- Importancia del texto: como fuente hist&#xF3;rica, como documento ling&#xFC;&#xED;stico -- Alcances y limites de la investigaci&#xF3;n, su inter&#xE9;s para conocer el espa&#xF1;ol andino, local y canario -- El texto rasgos generales -- Filolog&#xED;a la expresi&#xF3;n gr&#xE1;fica y fon&#xE9;tica...</subfield>
  </datafield>
  <datafield tag="650" ind1=" " ind2=" ">
    <subfield code="a">Lengua espa&#xF1;ola</subfield>
    <subfield code="9">1124</subfield>
  </datafield>
  <datafield tag="650" ind1=" " ind2=" ">
    <subfield code="a">Peruanismos </subfield>
    <subfield code="9">10937</subfield>
  </datafield>
  <datafield tag="650" ind1=" " ind2=" ">
    <subfield code="a">Dialectos</subfield>
    <subfield code="9">10938</subfield>
  </datafield>
  <datafield tag="650" ind1=" " ind2=" ">
    <subfield code="a">Historia</subfield>
    <subfield code="9">136</subfield>
  </datafield>
  <datafield tag="710" ind1=" " ind2=" ">
    <subfield code="a">Pontificia Universidad Cat&#xF3;lica del Per&#xFA;.</subfield>
    <subfield code="9">400</subfield>
  </datafield>
  <datafield tag="942" ind1=" " ind2=" ">
    <subfield code="2">ddc</subfield>
    <subfield code="c">LIBROS</subfield>
  </datafield>
  <datafield tag="945" ind1=" " ind2=" ">
    <subfield code="a">wnts</subfield>
  </datafield>
  <datafield tag="952" ind1=" " ind2=" ">
    <subfield code="0">0</subfield>
    <subfield code="2">ddc</subfield>
    <subfield code="4">0</subfield>
    <subfield code="7">0</subfield>
    <subfield code="a">SH</subfield>
    <subfield code="b">SH</subfield>
    <subfield code="c">CART</subfield>
    <subfield code="d">2019-03-06</subfield>
    <subfield code="g">80.00</subfield>
    <subfield code="o">985.41 / C318</subfield>
    <subfield code="p">SH0000003817</subfield>
    <subfield code="r">2019-03-06</subfield>
    <subfield code="y">LIBROS</subfield>
  </datafield>
</record>
